Harry Potter: la Deuxième Tâche du Tournoi des 3 Sorciers - Statistiques

Statistiques générales
  • Ce quiz a été pris 118 fois
  • Le résultat moyen est 16 sur 22
Statistiques - réponses
Information Réponses % Correct
Participant Cédric Diggory
99%
Participant Harry Potter
98%
Lieu Lac de Poudlard
98%
Participante Fleur Delacour
95%
"Trésor" Cho Chang
94%
"Trésor" Ron Weasley
94%
Première apparition Harry Potter et la Coupe de Feu
93%
Dernière apparition Harry Potter et la Coupe de Feu
93%
Participant Viktor Krum
92%
"Trésor" Hermione Granger
88%
"Trésor" Gabrielle Delacour
81%
Durée 1 heure
80%
Technique utilisée Branchiflore
76%
Technique utilisée Métamorphose en requin
75%
Description Nager sous le lac de Poudlard pour retrouver un "trésor"
52%
Nombre de points 40
47%
Nombre de points 45
46%
Technique utilisée Sortilège de Têtenbulle
45%
Technique utilisée Sortilège de Têtenbulle
45%
Nombre de points 25
39%
Date 24 février 1995
36%
Nombre de points 47
31%
Aucun quiz correspondant
Distribution des résultats
% des personnes avec chaque résultat
Percentile par nombre de réponses
Votre historique - résultats
Vous n’avez pas pris ce quiz